Władza i społeczeństwo w II Rzeczypospolitej - Statystyki

Ogólne statystyki
  • Ten quiz został rozwiązany 391 razy
  • Średni wynik to 10 z 15
Statystyki odpowiedzi
Zagadnienie Odpowiedź % Poprawnych
Proces sądowy przywódców opozycyjnych, który miał miejsce w dniach 26.10.1931-13.01.1932 nazwany jest procesem: Brzeskim
95%
Przewrót majowy dokonany został przez: Józefa Piłsudskiego
90%
Najbardziej zaognione były relacje Polaków z przedstawicielami mniejszości: ukraińskiej
90%
Do przewrotu majowego doszło w roku: 1926
86%
Obóz odosobnienia utworzony został w: Berezie Kartuskiej
86%
Polska odrodziła się jako: republika
81%
Strajk rolny w 1937r. zorganizowany został przez: Stronnictwo Ludowe
81%
Prezydent otrzymał szerokie uprawnienia w ramach: Konstytucji kwietniowej
71%
Pierwszym premierem II RP został: Jędrzej Moraczewski
67%
Trójpodział władzy ustalono w: Konstytucji marcowej
62%
Pierwsze wybory parlamentarne po odzyskaniu niepodległości odbyły się w: styczniu 1919
62%
Prawo zgromadzeń oraz stowarzyszania się ograniczono po wyborach z roku: 1930
38%
Prawo wyborcze przysługiwało, jeżeli ukończyło się: 21 lat
38%
Strajk powszechny w listopadzie 1923r. wybuchł w: Krakowie
33%
Zamieszki z 1936r. wywołane przez protesty bezrobotnych i robotników wybuchły: we Lwowie
33%
Nie znaleziono quizów pasujących do podanych kryteriów
Rozkład punktacji
Procent ludzi z każdym wynikiem
Percentyl według liczby udzielonych odpowiedzi
Twoja historia wyników
Nie rozwiązałeś tego quizu